000 00324nam a2200133 a 4500
008 991218s1987||||xx 0 und c
040 _aSNK
_bslo
_cSNK
_eAACR2
245 1 0 _aMalá československá encyklopedie. 5
260 _aPraha
_bAcademia
_c1987
300 _a998 s.
020 _c170
041 _aslo
044 _axo
_cSK
999 _c15157
_d15157